1878 1155 1123 1246 1092 1466 1046 1451 1165 1671 1979 1598 1598 1445 1719 1884 1605 1596 1212 1219 1889 1209 1002 1254 1460 1276 1890 1992 1194 1852 1274 1509 1774 1607 1948 1291 1512 1771 1161 1682 1950 1061 1832 1325 1488 1940 1913 1642 1554 1673 1076 1337 1466 1102 1133 1249 1742 1921 1363 1601 1423 1615 1990 1022 1505 1044 1660 1169 1490 1754 1056 1705 1314 1372 1872 1529 1513 1631 1399 1045 1348 1486 1471 1134 1928 1584 1891 1782 1915 1882 1126 1080 1553 1142 1363 1857 1277 1720 1999 BCNSPRNW ULIB Ver.6.0+V

เปลี่ยนเป็นภาษาไทย

Change to English
 แสดงรายละเอียดบรรณานุกรม
  กลับหน้าหลัก

Brief Record : Get Marc (ISO 2709) : E-mail record : QR code < ปิดหน้าต่าง
LEADER : 00000nam 2200000uu 4500
001    13399120018
003     ULIB
008    120822s2555||||th 000 0 tha d
020    ^a9749741111305
050  0 ^aPE1116.N8^bธ129M
110 1  ^aโรงพยาบาลศิริราช.^bฝ่ายการพยาบาล
245 10 ^aMay i help you พูดง่ายๆสไตล์พยาบาล^cฝ่ายการพยาบาล โรงพยาบาลศิริราช
250    ^aพิมพ์ครั้งที่ 3
260    ^aนนทบุรี : ^bปริ้นโอเชี่ยน,^c2555
300    ^a190 หน้า
650  0 ^aภาษาอังกฤษ^xการใช้ภาษา^xพยาบาล
650  0 ^aภาษาอังกฤษ^xบทสนทนาและวลี
700 0  ^aธชพร เทศะศิลป์
945    ^p200^l0^i032484
945    ^p200^l0^i032485
945    ^p200^l0^i032486
995    ^aเกษร
999 ^a ใช้งานได้ทุกระบบ
รายการนี้ยังไม่มีแท็ก
คุณยังไม่ได้ล็อกอิน คุณสามารถมีกิจกรรมร่วมกับเว็บไซต์ได้ แต่ต้องล็อกอินก่อน ::
  ล็อกอิน

รายการสื่อสารสนเทศ

ลำดับที่ ประเภท เลขเรียก/บาร์โค้ด สถานที่ สถานะ
- ไม่พบข้อมูล -

BibComment


ยังไม่เคยถูกคอมเมนท์

คอมเมนท์ทรัพยากรรายการนี้
  คอมเมนท์: May i help you พ..


 Copyright 2026. Bcnsprnw @Library